000 00499cam a22001814a 4500
005 20250605164310.0
008 250528s ||||||||||||||||||||||||d
035 _a22437
040 _aGR-AtMCL
_bgre
_dGR-AtMCL
_eAACR2
245 1 _aΟ ΑΝΘΡΩΠΟΣ ΠΟΥ ΜΠΕΡΔΕΨΕ ΤΗ ΓΥΝΑΙΚΑ ΤΟΥ ΜΕ ΕΝΑ ΚΑΠΕΛΟ
250 _a1
260 _bΚαστανιώτη,
_c1985
300 _a287
700 1 _aSacks Oliver
_98265
942 _cBK
999 _c7489
_d7489